000 03103nam a22006738i 4500
003 StDuBDS
005 20231212142557.0
006 m|||||o||j||||||||
007 cr |||||||||||
008 210615s2021 enka ob 001|0|eng|d
020 _a9781000412642 (PDF ebook) :
_c19.99
040 _aStDuBDS
_beng
_erda
_epn
_cStDuBDS
_dStDuBDSZ
072 7 _aECO
_2ukslc
072 7 _aKC
_2bicssc
072 7 _aRN
_2bicssc
072 7 _aJFSG
_2bicssc
072 7 _aKCU
_2bicssc
072 7 _aKFFR
_2bicssc
072 7 _aKNAT
_2bicssc
072 7 _aLNS
_2bicssc
072 7 _aRPC
_2bicssc
072 7 _aTNCB
_2bicssc
072 7 _aTQ
_2bicssc
072 7 _aKC
_2thema
072 7 _aRN
_2thema
072 7 _aJBSD
_2thema
072 7 _aKCVS
_2thema
072 7 _aKFFR
_2thema
072 7 _aLNS
_2thema
072 7 _aRPC
_2thema
072 7 _aTNCB
_2thema
072 7 _aTQ
_2thema
072 7 _aAMD
_2thema
072 7 _aKCS
_2thema
072 7 _aKFFM
_2thema
072 7 _aKJMP
_2thema
072 7 _aKJMV4
_2thema
072 7 _aKNJ
_2thema
072 7 _aTNK
_2thema
072 7 _aVSH
_2thema
082 0 4 _a333.08023
_223
100 1 _aLemen, Jen,
_eauthor.
245 1 0 _aHow to become a chartered surveyor
_h[electronic resource] /
_cJen Lemen.
264 1 _aLondon :
_bRoutledge,
_c2021.
300 _a1 online resource (206 pages) :
_billustrations (black and white)
338 _aonline resource
_2rdacarrier
500 _aebook licence has an unlimited user licence for RICS members due to popularity of this title.
504 _aIncludes bibliographical references and index.
505 0 _a1. What is a Chartered Surveyor? 2. Areas of Professional Practice 3. Routes to Becoming a Chartered Surveyor 4. APC 5. AssocRICS 6. Referrals 7. Appeals 8. Supporting Candidates 9. FRICS 10. Registered Valuer Assessments 11. Other Qualifications 12. Setting Up In Practice 13. Global Perspectives 14. Professional Ethics
520 8 _a'How to Become a Chartered Surveyor' demystifies the process and provides a clear road map for candidates to follow. The book outlines potential pathways and practice areas within the profession and includes the breadth and depth of surveying, from commercial, residential and project management, to geomatics and quantity surveying.
_bFirst book explaining how to become a Chartered Surveyor Clear guidance on how to understand the requirements of the RICS for the APC and AssocRICS assessments from an experience APC assessor and training consultant Candidates are often willing to spend large sums on training courses; this book represents a great value tool for those that cannot afford a training course
588 _aDescription based on CIP data; resource not viewed.
610 2 0 _aRoyal Institution of Chartered Surveyors.
650 7 _aAPC
650 7 _aEBOOK
650 0 _aSURVEYING
650 0 _aSURVEYING PROFESSION
776 0 8 _iPrint version :
_z9780367742270
856 4 0 _uhttps://www.vlebooks.com/product/openreader?id=RICS&accId=9491556&isbn=9781000412642
_zView on VLEbooks. Logins for members only from [email protected]
999 _c121623
_d121623